• 首页
  • 本馆介绍
  • 公告通知
  • 最新文献
  • 馆藏检索
  • 电子资源
  • 读者导购
  • 参考咨询
  • 我的图书馆
  • 登录
  • 详细信息显示
  • 放入我的书架
  • 预约/预借图书
  • 作者相关作品
  • 分类相关作品
  • 丛书相关作品
  • 出版社相关作品

书目信息

  • 表格格式
  • 工作单格式
  • 卡片格式
题名:
美国西进运动探要
    
 
作者: 张友伦 著
分册:  
出版信息: 北京   人民出版社  2005
页数: 419页
开本: 21cm
丛书名:
单 册:
中图分类: K712.42
科图分类:
主题词: 领土扩张--研究--美国--近代 , 领土扩张
电子资源:
ISBN: 7-01-004993-9
000 00891nam0 2200241 450
001 002966951
005 20061211093058.59
010    @a7-01-004993-9@dCNY28.00
100    @a20050628d2005 em y0chiy0110 ea
101 0  @achi
102    @aCN@b110000
105    @ay z 000yy
200 1  @a美国西进运动探要@9mei guo xi jin yun dong tan yao@f张友伦著
210    @a北京@c人民出版社@d2005
215    @a419页@d21cm
300    @a南开大学“十五211工程”学科建设项目“亚太地区历史与国际关系”资助
330    @a本书从多个角度讲述了美国西进运动的重要性,内容包括:西进运动史学的形成和发展、美国西进运动史学的独特分支——印第安史学的兴起、独立前的西部、第一个世界性殖民浪潮的冲击和美国的土地扩张等。
606 0  @a领土扩张@x研究@y美国@z近代
606 0  @a领土扩张
690    @aK712.42@v4
701  0 @a张友伦@9zhang you lun@f(1931~)@4著
801  0 @aCN@bNLC@c20061211
905    @a10447@dK712.42@e26
    
    美国西进运动探要/张友伦著.-北京:人民出版社,2005
    419页;21cm
    南开大学“十五211工程”学科建设项目“亚太地区历史与国际关系”资助
    
    ISBN 7-01-004993-9:CNY28.00
    本书从多个角度讲述了美国西进运动的重要性,内容包括:西进运动史学的形成和发展、美国西进运动史学的独特分支——印第安史学的兴起、独立前的西部、第一个世界性殖民浪潮的冲击和美国的土地扩张等。
●
相关链接 在E读中查询图书 在五车中查询图书 在当当中查询图书 在豆瓣中查询图书


正题名:美国西进运动探要     索取号:K712.42/26         预约/预借

序号 登录号 条形码 馆藏地/架位号 状态 备注
1 0386602   203866021   第二样本阅览室/ [索取号:K712.42/26] 在馆    
2 0386603   203866030   第二借阅区/ [索取号:K712.42/26] 在馆    
3 0386604   203866049   第二借阅区/ [索取号:K712.42/26] 在馆    
4 0386605   203866058   第二借阅区/ [索取号:K712.42/26] 在馆    
5 0386606   203866067   第二借阅区/ [索取号:K712.42/26] 在馆    
6 0600154   206001547   第二借阅区/ [索取号:K712.42/26] 在馆    
7 0600155   206001556   第二借阅区/ [索取号:K712.42/26] 在馆    
8 0600156   206001565   第二借阅区/ [索取号:K712.42/26] 在馆    
9 0600157   206001574   第二借阅区/ [索取号:K712.42/26] 在馆    
唐山师范学院图书馆 欢迎您!
大连网信软件有限公司© 版权所有